Focus (Record no. 82829)

MARC details
000 -LEADER
fixed length control field 01176cad a22002295a 4500
001 - CONTROL NUMBER
control field L151627
008 - FIXED-LENGTH DATA ELEMENTS--GENERAL INFORMATION
fixed length control field 101123e20101120xxk 000 0 eng d
035 ## - SYSTEM CONTROL NUMBER
System control number (Sirsi) u151627
041 0# - LANGUAGE CODE
Language code of text/sound track or separate title eng
100 1# - MAIN ENTRY--PERSONAL NAME
Personal name Morrison, Adrian
245 00 - TITLE STATEMENT
Title Focus
Remainder of title north west
Medium [electronic resource]
260 ## - PUBLICATION, DISTRIBUTION, ETC.
Date of publication, distribution, etc. 2010
490 ## - SERIES STATEMENT
Series statement Estates Gazette
Volume/sequential designation (1046) 20 November 2010, 85-105(17)
520 ## - SUMMARY, ETC.
Summary, etc. Profiles Max Steinberg Chief Executive of Liverpool Vision, the city's urban regeneration agency. Four local enterprise partnerships Great Manchester, Liverpool City-Region, Cheshire and Warrington and Cumbria are set to replace the Northwest Regional Development Agency. Overview of Manchester's occupiers and signs of market recovery in Preston, Blackpool, Blackburn , Crewe and Nantwich and the Lake District towns of Penrith, Kendal, Windermere, Keswick and Bowness. Growth in the hotel market particularly in the budget and boutique sector. Industrial sheds and investment sector.
590 ## - LOCAL NOTE (RLIN)
Local note KA
651 #4 - SUBJECT ADDED ENTRY--GEOGRAPHIC NAME
Geographic name Lancashire
651 #4 - SUBJECT ADDED ENTRY--GEOGRAPHIC NAME
Geographic name Merseyside
651 #4 - SUBJECT ADDED ENTRY--GEOGRAPHIC NAME
Geographic name Cheshire
651 #4 - SUBJECT ADDED ENTRY--GEOGRAPHIC NAME
Geographic name Cumbria
690 ## - LOCAL SUBJECT ADDED ENTRY--TOPICAL TERM (OCLC, RLIN)
Topical term or geographic name as entry element PROPERTY-COMMERCIAL PROPERTY-COMMERCIAL PROPERTY MARKET
942 ## - ADDED ENTRY ELEMENTS (KOHA)
Suppress in OPAC 0
Holdings
Withdrawn status Lost status Source of classification or shelving scheme Damaged status Not for loan Home library Current library Shelving location Date acquired Total Checkouts Full call number Barcode Date last seen Copy number Price effective from Koha item type
    Dewey Decimal Classification     London London Journal article 23/11/2010   L151627 151627-1001 06/08/2019 1 06/08/2019 Journal article